Bandeiras das 10 maiores cidades do Brasil - Statistics

Estatísticas Gerais
  • Esse quiz foi jogado 132 vezes
  • A pontuação média é 7 de 10
Estatísticas das Respostas
Imagem Resposta % Correto
Brasília
90%
São Paulo
84%
Curitiba
78%
Rio de Janeiro
77%
Belo Horizonte
76%
Recife
69%
Fortaleza
68%
Porto Alegre
67%
Salvador
61%
Manaus
58%
Nenhum quiz correspondente encontrado
Distribuição das Pontuações
Porcentagem de Pessoas com Cada Pontuação
Percentil de Números Respondidos
Sua Pontuação Histórica
Você não jogou esse quiz